| 000 | 00928nam a22002297a 4500 | ||
|---|---|---|---|
| 008 | 161003b xxu||||| |||| 00| 0 eng d | ||
| 020 | _a9780393921748 | ||
| 050 |
_aPN 70 _b.B75 2013 |
||
| 100 | _aBrietzke, Zander | ||
| 245 |
_aTeaching with the norton anthology of world literature, volumes 1 : beginning to 1650 : _baguide for instructors/ _c Zander Brietzke, Scott Hollifield, Dana Milstein, Benedict Whalen and Paula Berggren |
||
| 250 | _a3rd ed. | ||
| 260 |
_aNew York : _bW. W. Norton & Company, _c 2013. |
||
| 300 |
_avii, 257p. : _bill. ; _c23cm. |
||
| 500 | _aInclude index. | ||
| 650 |
_aLiterature _xStudy and teaching (Higher) _yUnited States. |
||
| 650 |
_aLiterature _xStudy and teaching (Higher) _y United States. |
||
| 700 | _aHollifield,Scott | ||
| 700 | _aMilstein, Dana | ||
| 700 | _aWhalen, Benedict | ||
| 700 | _aBerggren, Paula | ||
| 942 |
_2lcc _cBOOKS _hPN 70 .B75 2013 |
||
| 999 |
_c14465 _d14465 |
||